[Event "Varese op 10th"]
[Site "Varese"]
[Date "2010.10.09"]
[Round "1"]
[White "Novi, Giuseppe"]
[Black "Centofante, Maria Rosa"]
[Result "1-0"]
[WhiteElo "1826"]
[BlackElo "1619"]
[PlyCount "113"]
[EventDate "2010.10.09"]
[EventType "swiss"]
[EventRounds "6"]
[EventCountry "ITA"]
[SourceTitle "EXT 2024"]
[Source "ChessBase"]
[SourceDate "2023.10.10"]
[SourceVersion "1"]
[SourceVersionDate "2023.10.10"]
[SourceQuality "1"]

1. e4 d5 2. exd5 Qxd5 3. c4 Qa5 4. Nc3 c6 5. d4 Nf6 6. Bd3 Bg4 7. Nge2 e6 8. 0-0 Be7 9. Qc2 Nbd7 10. Bf4 0-0 11. h3 Bh5 12. a3 Bxe2 13. Nxe2 h6 14. Bd2 Qc7 15. Bc3 Bd6 16. Rac1 Rac8 17. Rfe1 Rfe8 18. c5 Bf4 19. Bd2 Bxd2 20. Qxd2 Nd5 21. Nc3 N7f6 22. Re5 Qd7 23. Be4 a6 24. Nxd5 Nxd5 25. Bxd5 exd5 26. Rce1 Re6 27. Rxe6 fxe6 28. Re5 Rf8 29. Qe3 Rf6 30. b4 Qf7 31. f3 Qg6 32. Kh2 Qf7 33. Qe2 Qc7 34. Kh1 Qf7 35. a4 Qd7 36. Kg1 Rg6 37. Kf2 Rf6 38. Rh5 Qf7 39. Re5 Qd7 40. Re3 Kf7 41. Rb3 Qc7 42. g3 Rg6 43. f4 Rf6 44. b5 a5 45. bxc6 Qxc6 46. Qb5 g5 47. Qxb7+ Qxb7 48. Rxb7+ Ke8 49. Kf3 gxf4 50. gxf4 Rf5 51. Ra7 Rh5 52. Kg4 Rf5 53. Rxa5 h5+ 54. Kf3 Kd7 55. Ra6 Rf6 56. Rd6+ Kc7 57. a5 1-0

[Event "Como Primavera op 5th"]
[Site "Como"]
[Date "2010.05.20"]
[Round "6"]
[White "Novi, Giuseppe"]
[Black "Giaracuni, Claudio"]
[Result "1-0"]
[WhiteElo "1824"]
[BlackElo "1810"]
[PlyCount "101"]
[EventDate "2010.04.15"]
[EventType "swiss"]
[EventRounds "6"]
[EventCountry "ITA"]
[SourceTitle "EXT 2024"]
[Source "ChessBase"]
[SourceDate "2023.10.10"]
[SourceVersion "1"]
[SourceVersionDate "2023.10.10"]
[SourceQuality "1"]

1. e4 c5 2. Bc4 e6 3. Nc3 a6 4. a4 Qc7 5. Nf3 d6 6. 0-0 Nf6 7. Re1 Nbd7 8. d4 cxd4 9. Qxd4 Be7 10. Bb3 0-0 11. Bg5 b6 12. Bh4 Bb7 13. Rad1 Rfd8 14. Bg3 Nc5 15. Ba2 Nh5 16. Bh4 Bxh4 17. Nxh4 Rac8 18. Re3 Nf6 19. Rd2 Qc6 20. Rde2 e5 21. Qb4 a5 22. Qc4 Ne6 23. Qxc6 Bxc6 24. f3 Nd4 25. Rd2 g5 26. Nf5 Nxf5 27. exf5 Rd7 28. b3 h5 29. Ne4 Nxe4 30. fxe4 f6 31. b4+ d5 32. b5 Bb7 33. exd5 Kf8 34. Rh3 h4 35. g3 Rc3 36. Kg2 Rdc7 37. Bb3 e4 38. gxh4 e3 39. Re2 Rxb3 40. cxb3 Bxd5+ 41. Kg3 gxh4+ 42. Rxh4 Rc3 43. Rd4 Bxb3 44. Kf4 Rc4 45. Rxc4 Bxc4 46. Rxe3 Kf7 47. h4 Kg7 48. Re6 Bb3 49. Rxb6 Bxa4 50. Rb7+ Kh6 51. b6 1-0

[Event "Como Primavera op 5th"]
[Site "Como"]
[Date "2010.05.13"]
[Round "5"]
[White "Orsenigo, Davide"]
[Black "Novi, Giuseppe"]
[Result "1-0"]
[WhiteElo "1860"]
[BlackElo "1824"]
[PlyCount "75"]
[EventDate "2010.04.15"]
[EventType "swiss"]
[EventRounds "6"]
[EventCountry "ITA"]
[SourceTitle "EXT 2024"]
[Source "ChessBase"]
[SourceDate "2023.10.10"]
[SourceVersion "1"]
[SourceVersionDate "2023.10.10"]
[SourceQuality "1"]

1. e4 e6 2. d4 d5 3. exd5 Qxd5 4. Nf3 Nf6 5. c4 Qd8 6. Nc3 c5 7. Be3 cxd4 8. Nxd4 Be7 9. Bd3 0-0 10. 0-0 a6 11. Qf3 Nbd7 12. Rfd1 Ne5 13. Qe2 Nxd3 14. Rxd3 Qc7 15. b3 e5 16. Nc2 Bf5 17. Rdd1 Rad8 18. Bg5 Bg4 19. f3 Be6 20. Ne3 h6 21. Bh4 g5 22. Bf2 Rd7 23. Rxd7 Bxd7 24. Ned5 Qd6 25. Re1 Nxd5 26. Nxd5 f6 27. Qe4 Kg7 28. Nxe7 Qxe7 29. Qxb7 Rf7 30. Qxa6 Qb4 31. c5 Qc3 32. Qb6 h5 33. a4 h4 34. a5 h3 35. a6 hxg2 36. a7 Qxf3 37. Ra1 Bc6 38. Qxc6 1-0

[Event "Como Primavera op 5th"]
[Site "Como"]
[Date "2010.04.15"]
[Round "1"]
[White "Cocconcelli, Lorenzo"]
[Black "Novi, Giuseppe"]
[Result "0-1"]
[WhiteElo "1560"]
[BlackElo "1824"]
[PlyCount "136"]
[EventDate "2010.04.15"]
[EventType "swiss"]
[EventRounds "6"]
[EventCountry "ITA"]
[SourceTitle "EXT 2024"]
[Source "ChessBase"]
[SourceDate "2023.10.10"]
[SourceVersion "1"]
[SourceVersionDate "2023.10.10"]
[SourceQuality "1"]

1. d4 e6 2. e4 d5 3. exd5 Qxd5 4. Nc3 Qd8 5. Nf3 Nf6 6. Bd3 Nbd7 7. 0-0 Be7 8. Ne4 0-0 9. c3 b6 10. Qc2 h6 11. Bf4 Bb7 12. Rad1 Qc8 13. Ne5 c5 14. Nxd7 Nxd7 15. dxc5 Nxc5 16. Nxc5 Qxc5 17. Be4 Bxe4 18. Qxe4 Rad8 19. Qb7 Bf6 20. Rd7 Rxd7 21. Qxd7 Qc4 22. Bd6 Rd8 23. Qc7 Qd5 24. Be7 Bxe7 25. Qxe7 Rd7 26. Qa3 Qd2 27. Qa6 Kh7 28. Qa4 g6 29. h3 Kg7 30. g3 Rd5 31. Qb4 Qe2 32. c4 Rd2 33. Qc3+ Kg8 34. Qf6 Qxc4 35. h4 h5 36. Qe5 Qxa2 37. Rc1 Rd8 38. Qf6 Rf8 39. Rc7 a6 40. Rc6 Qb3 41. Rc1 a5 42. g4 hxg4 43. h5 Qf3 44. Qxf3 gxf3 45. hxg6 fxg6 46. Rc6 b5 47. Rxe6 Kg7 48. Kh2 Rf5 49. Kg3 Kf7 50. Re3 a4 51. Re4 g5 52. Rb4 Ke6 53. Re4+ Kd6 54. Rd4+ Kc5 55. Rd1 Kb4 56. Kg4 Rf7 57. Rd3 Rc7 58. Rxf3 Rc2 59. Kxg5 Rxb2 60. Rf4+ Kc3 61. Rf3+ Kc2 62. Ra3 Rb3 63. Ra1 a3 64. f3 Kb2 65. Rg1 a2 66. Rg2+ Ka3 67. Rxa2+ Kxa2 68. f4 Rf3 0-1